00339nam a2200133Ia 4500008004100000041000800041082001500049100001900064245003000083250002200113260002800135300001100163650003100174231207s9999 xx 000 0 und d aeng a629.28/PAV aPaul Greenberg aHRM at the speed of light a2005, 2nd Edition bTata mc graw hill Delhi aHB/670 aComnputer Program Language